000 00954cam a22002651 4500
001 30779
003 BD-RjUL
005 20211209051621.0
008 140412s1960 enkc b 000 0 eng
035 _a(BD-RjUL)30866
035 _a(OCoLC)368857
040 _aDLC
_cODaWU
_dOCoLC
_dUk
_dDLC
_dBD-RjUL
_beng
041 _aeng
082 _a181.4
_bINT 1960
245 1 4 _aThe integral philosophy of Sri Aurobindo :
_ba commemorative symposium /
_cedited by Haridas Chaudhuri [and] Frederic Spiegelberg.
260 _aLondon :
_bAllen & Unwin,
_cc1960.
300 _a350 p. :
_bport. ;
_c23 cm.
504 _aBibliographical footnotes. "A complete list of all the books published in English by Sri Aurobindo": p. 348-350.
600 1 0 _aGhose, Aurobindo,
_d1872-1950.
_993542
700 1 _aChaudhuri, Haridas,
_eed.
_993538
700 1 _aSpiegelberg, Frederic,
_d1897-
_ejoint ed.
_993539
942 _2ddc
_cBK
999 _c30779
_d30779